000 00846nam a2200169 i 4500
001 190095
003 ES-MaACL
005 20230906223635.0
008 200728s1860 fr |||| | fre d
080 _a94(450)"1849/1870"
245 0 0 _aRome et le Congrès /
_cpar un Romain [Falconi].
260 _aParis :
_bDentu,
_c1860.
300 _a32 p. ;
_c22 cm.
505 8 _aContiene: Sénat: séance... mars 1861 . Lettre circulaire a M. M. les éveques de France sur la... question romaine . La Brochure: le pape et le Congrès . Considérations sur l'Italie . La brochure du duc d'Aumale . Une Dette espagnole . Réponse d'un ancien troupier a la lettre de M. Le Duc d'Aumale adressee au prince Napoleon . Le Branle: bas européen . La France, Rome et l'Italie
651 4 _aItalia-
_xHistoria-
_y1849-1870.
_98869
852 4 _aES-MaACL
_jT-55-F-3
999 _c190095
_d190095